Ross and Wilson anatomy & physiology : (Record no. 99851)

MARC details
000 -LEADER
fixed length control field 01252nam a22003137a 4500
003 - CONTROL NUMBER IDENTIFIER
control field URS
005 - DATE AND TIME OF LATEST TRANSACTION
control field 20260415165552.0
008 - FIXED-LENGTH DATA ELEMENTS--GENERAL INFORMATION
fixed length control field 260405b |||||||| |||| 00| 0 eng d
020 ## - INTERNATIONAL STANDARD BOOK NUMBER
International Standard Book Number 9780702053276
040 ## - CATALOGING SOURCE
Language of cataloging English
Description conventions rda
Transcribing agency URS
050 00 - LIBRARY OF CONGRESS CALL NUMBER
Classification number QM32
Item number .W357 2023
100 1# - MAIN ENTRY--PERSONAL NAME
Personal name Waugh, Anne,
Relator term author.
245 10 - TITLE STATEMENT
Title Ross and Wilson anatomy & physiology :
Remainder of title colouring and workbook /
Statement of responsibility, etc. Anne Waugh, Allison Grant ; illustrations by Richard Tibbitts.
246 3# - VARYING FORM OF TITLE
Title proper/short title Ross and Wilson anatomy and physiology
246 30 - VARYING FORM OF TITLE
Title proper/short title Anatomy and physiology
250 ## - EDITION STATEMENT
Edition statement 6th edition.
264 #1 - PRODUCTION, PUBLICATION, DISTRIBUTION, MANUFACTURE, AND COPYRIGHT NOTICE
Place of production, publication, distribution, manufacture Edinburgh :
Name of producer, publisher, distributor, manufacturer Churchill Livingstone/Elsevier,
Date of production, publication, distribution, manufacture, or copyright notice ©2023.
300 ## - PHYSICAL DESCRIPTION
Extent ix, 252 pages :
Other physical details illustrations ;
Dimensions 28 cm.
336 ## - CONTENT TYPE
Content type term text
Content type code txt
Source rdacontent
337 ## - MEDIA TYPE
Media type term unmediated
Media type code n
Source rdamedia
338 ## - CARRIER TYPE
Carrier type term volume
Carrier type code nc
Source rdacarrier
500 ## - GENERAL NOTE
General note Previous edition: Edinburgh: Churchill Livingstone Elsevier, 2010.
650 #0 - SUBJECT ADDED ENTRY--TOPICAL TERM
Topical term or geographic name entry element Human anatomy
Form subdivision Problems, exercises, etc.
650 #0 - SUBJECT ADDED ENTRY--TOPICAL TERM
Topical term or geographic name entry element Human physiology
Form subdivision Problems, exercises, etc.
700 ## - ADDED ENTRY--PERSONAL NAME
Personal name Grant, Allison (Allison Wynn),
Relator term author.
700 ## - ADDED ENTRY--PERSONAL NAME
Personal name Tibbitts, Richard,
Relator term illustrator.
730 0# - ADDED ENTRY--UNIFORM TITLE
Uniform title Ross and Wilson anatomy & physiology in health and illness.
Version 2th edition.
Relationship information Complemented by (expression):
942 ## - ADDED ENTRY ELEMENTS (KOHA)
Source of classification or shelving scheme Library of Congress Classification
Koha item type Reserved Books

No items available.

University of Rizal System
Email us at univlibservices@urs.edu.ph

Visit our Website www.urs.edu.ph/library